[Event "Landesliga Nord 1819"]
[Site "Bayern"]
[Date "2019.02.24"]
[Round "7.8"]
[White "Langer, Simon"]
[Black "Basel, Matthias"]
[Result "1/2-1/2"]
[WhiteElo "1904"]
[BlackElo "1989"]
[PlyCount "120"]
[EventDate "2018.10.21"]
[EventType "team-tourn"]
[EventRounds "9"]
[EventCountry "GER"]
[SourceTitle "EXT 2022"]
[Source "ChessBase"]
[SourceDate "2021.10.06"]
[SourceVersion "1"]
[SourceVersionDate "2021.10.06"]
[SourceQuality "1"]
[WhiteTeam "Klingenberg"]
[BlackTeam "Kitzingen SC"]
[WhiteTeamCountry "GER"]
[BlackTeamCountry "GER"]

1. e4 g6 2. d4 Bg7 3. Nc3 d6 4. Be3 Nf6 5. f3 0-0 6. Qd2 e5 7. d5 Nh5 8. g4 Nf4 9. Bxf4 exf4 10. Qxf4 f5 11. gxf5 gxf5 12. Qg3 Kh8 13. Bd3 Nd7 14. Nge2 f4 15. Nxf4 Be5 16. Nce2 Qf6 17. Rg1 Nc5 18. Kf2 Bd7 19. Ke3 Rg8 20. Qf2 Qh6 21. Rxg8+ Rxg8 22. Rg1 Rf8 23. Qg3 Bxb2 24. c3 Na4 25. Kd2 Nxc3 26. Nxc3 Qxf4+ 27. Kc2 Qxg3 28. Rxg3 Ba3 29. Ne2 Bc5 30. f4 Bf2 31. Rg2 Be3 32. e5 Bxf4 33. e6 Be8 34. Rg4 Be5 35. Rh4 h5 36. Ng3 Rf2+ 37. Kd1 Bxg3 38. hxg3 Rf3 39. Be2 Rf5 40. Rd4 Kg7 41. Kd2 Kf6 42. Ke3 Ke5 43. g4 hxg4 44. Bxg4 Rg5 45. Rb4 b5 46. Bf3 a5 47. Rh4 Rg7 48. Rh8 Re7 49. Rf8 Bg6 50. a3 Bc2 51. Rd8 b4 52. Kd2 Bb3 53. axb4 axb4 54. Rd7 Kf6 55. Rd8 Ke5 56. Rd7 Kf6 57. Rd8 c6 58. dxc6 Bxe6 59. Rxd6 Ke5 60. Rd3 Rc7 1/2-1/2

[Event "Regionalliga NW 1516"]
[Site "Bayern"]
[Date "2016.02.21"]
[Round "7.4"]
[White "Langer, Simon"]
[Black "Scheidt, Joerg"]
[Result "0-1"]
[WhiteElo "1940"]
[BlackElo "1957"]
[PlyCount "58"]
[EventDate "2015.10.11"]
[EventType "team-tourn"]
[EventRounds "9"]
[EventCountry "GER"]
[SourceTitle "EXT 2018"]
[Source "ChessBase"]
[SourceDate "2017.10.13"]
[SourceVersion "1"]
[SourceVersionDate "2017.10.13"]
[SourceQuality "1"]
[WhiteTeam "Klingenberg"]
[BlackTeam "Hof PTSV"]
[WhiteTeamCountry "GER"]
[BlackTeamCountry "GER"]

1. e4 e6 2. d4 c5 3. Nf3 cxd4 4. Nxd4 Bc5 5. Nb3 Bb6 6. c4 Ne7 7. Nc3 0-0 8. Bd3 Nbc6 9. c5 Bc7 10. f4 b6 11. Be3 bxc5 12. Nxc5 Bb6 13. e5 f6 14. exf6 Rxf6 15. N3e4 Ba5+ 16. Kf2 Rf8 17. Qb1 Nf5 18. Ng5 h6 19. Bxf5 Rxf5 20. g4 hxg5 21. gxf5 gxf4 22. Bxf4 Qh4+ 23. Kf3 Nd4+ 24. Ke4 Nxf5 25. b4 Bc7 26. Qc1 d5+ 27. Kf3 Nd4+ 28. Kg2 Bxf4 29. Qc3 Qg4+ 0-1

[Event "Regionalliga NW 1516"]
[Site "Bayern"]
[Date "2016.01.31"]
[Round "6.3"]
[White "Langer, Simon"]
[Black "Herbst, Christoph"]
[Result "1/2-1/2"]
[WhiteElo "1940"]
[BlackElo "2025"]
[PlyCount "28"]
[EventDate "2015.10.11"]
[EventType "team-tourn"]
[EventRounds "9"]
[EventCountry "GER"]
[SourceTitle "EXT 2018"]
[Source "ChessBase"]
[SourceDate "2017.10.13"]
[SourceVersion "1"]
[SourceVersionDate "2017.10.13"]
[SourceQuality "1"]
[WhiteTeam "Klingenberg"]
[BlackTeam "Bad Neustadt"]
[WhiteTeamCountry "GER"]
[BlackTeamCountry "GER"]

1. e4 c5 2. Nf3 Nc6 3. Nc3 g6 4. Bb5 Bg7 5. 0-0 d6 6. e5 dxe5 7. Bxc6+ bxc6 8. Re1 Qc7 9. d3 Bg4 10. Be3 c4 11. dxc4 f5 12. h3 Bxf3 13. Qxf3 Rb8 14. Rab1 Nf6 1/2-1/2

[Event "Landesliga Nord 1415"]
[Site "Bayern"]
[Date "2015.04.12"]
[Round "9.5"]
[White "Langer, Simon"]
[Black "Frieser, Klaus"]
[Result "1/2-1/2"]
[WhiteElo "1940"]
[BlackElo "2112"]
[PlyCount "25"]
[EventDate "2014.10.19"]
[EventType "team-tourn"]
[EventRounds "9"]
[EventCountry "GER"]
[SourceTitle "EXT 2018"]
[Source "ChessBase"]
[SourceDate "2017.10.13"]
[SourceVersion "1"]
[SourceVersionDate "2017.10.13"]
[SourceQuality "1"]
[WhiteTeam "Klingenberg"]
[BlackTeam "Kelheim"]
[WhiteTeamCountry "GER"]
[BlackTeamCountry "GER"]

1. e4 e5 2. Nf3 Nf6 3. d4 exd4 4. e5 Ne4 5. Qxd4 d5 6. exd6 Nxd6 7. Bd3 Nc6 8. Qf4 Be7 9. Nc3 Be6 10. Be3 Bf6 11. 0-0 0-0 12. Rad1 Qc8 13. Bc5 1/2-1/2

[Event "Landesliga Nord 1415"]
[Site "Bayern"]
[Date "2014.12.07"]
[Round "4.6"]
[White "Langer, Simon"]
[Black "Nuding, Matthias"]
[Result "0-1"]
[WhiteElo "1940"]
[BlackElo "2061"]
[PlyCount "56"]
[EventDate "2014.10.19"]
[EventType "team-tourn"]
[EventRounds "9"]
[EventCountry "GER"]
[SourceTitle "EXT 2018"]
[Source "ChessBase"]
[SourceDate "2017.10.13"]
[SourceVersion "1"]
[SourceVersionDate "2017.10.13"]
[SourceQuality "1"]
[WhiteTeam "Klingenberg"]
[BlackTeam "Nuernberg NT II"]
[WhiteTeamCountry "GER"]
[BlackTeamCountry "GER"]

1. e4 c6 2. d4 d5 3. exd5 cxd5 4. c4 Nf6 5. Nc3 Nc6 6. Nf3 Bg4 7. cxd5 Nxd5 8. Bc4 Nxc3 9. bxc3 e6 10. Rb1 Qc7 11. Qb3 Bxf3 12. gxf3 Rb8 13. 0-0 Be7 14. Bxe6 fxe6 15. Qxe6 Qd6 16. Qe4 0-0 17. Re1 Rf7 18. Rb3 Qf6 19. Bb2 Bd6 20. c4 Qh6 21. h4 Na5 22. Bc1 Qg6+ 23. Qxg6 hxg6 24. Rb5 Nxc4 25. Bg5 a6 26. Rd5 Rf5 27. Rxd6 Nxd6 28. Re6 Nb5 0-1

[Event "Erfurt op HT 23rd"]
[Site "Erfurt"]
[Date "2013.12.27"]
[Round "3"]
[White "Langer, Simon"]
[Black "Machowitsch, Wolf"]
[Result "1-0"]
[WhiteElo "1778"]
[BlackElo "1984"]
[PlyCount "49"]
[EventDate "2013.12.26"]
[EventType "swiss"]
[EventRounds "8"]
[EventCountry "GER"]
[SourceTitle "EXT 2016"]
[Source "ChessBase"]
[SourceDate "2015.10.08"]
[SourceVersion "1"]
[SourceVersionDate "2015.10.08"]
[SourceQuality "1"]

1. e4 e6 2. d4 d5 3. Nd2 c5 4. exd5 Qxd5 5. Ngf3 cxd4 6. Bc4 Qd6 7. 0-0 Nc6 8. Nb3 Bd7 9. Nbxd4 Nxd4 10. Nxd4 0-0-0 11. Be3 a6 12. Qf3 Nf6 13. Rad1 Qc7 14. Rd3 e5 15. Bxa6 e4 16. Bxb7+ Kxb7 17. Rb3+ Ka8 18. Qe2 Qa5 19. Rd1 Rb8 20. Bg5 Rxb3 21. axb3 Qxg5 22. Qa6+ Kb8 23. Qb6+ Kc8 24. Nc6 Bd6 25. Na7# 1-0